U.S. States by Lowest Soda Consumption - Statistics

General Stats
  • This quiz has been taken 16 times
  • The average score is 9 of 10
Answer Stats
% of Adults Answer % Correct
44.5 Alaska
93%
51.5 Oregon
93%
55.0 Washington
93%
50.4 Wisconsin
93%
50.5 Iowa
86%
54.9 Kansas
86%
50.4 Minnesota
86%
58.0 Nebraska
79%
53.6 Utah
79%
57.2 Ohio
71%
No matching quizzes found
Score Distribution
Percent of People with Each Score
Percentile by Number Answered
Your Score History
You have not taken this quiz